Statistiques concernant Mot mystérieux - Série 41

Cliquez ici pour prendre le quiz!

Statistiques générales

  • Ce quiz a été pris 83 fois
  • Le résultat moyen est 5 sur 10

Statistiques - réponses

IndicesMot% Correct
chien - étoile - allemand - Pyrénéesberger
86%
roulette - poupée - cigarette - montagnerusse
81%
pointe - lumière - compteur - limitationvitesse
81%
chômage - natalité - croissance - criminalitétaux
76%
malfaiteurs - caritative - quartier - idéesassociation
60%
geste - concours - crème - grainbeauté
47%
chef - dynamique - esprit - sanguingroupe
35%
as - roi - verre - platrecarreau
22%
eau - libre - reins - chevalchute
22%
lettre - peine - économique - politiquecapitale
13%

Distribution des résultats

Percentile par nombre de réponses

% des personnes avec chaque résultat

Votre développement - résultats

Vous n’avez pas pris ce quiz